000
00296nam a2200109Ia 4500
008
200302s9999 xx 000 0 und d
100
_a
Beth Ellis and Others
245
_a
Manual of leaf Architecture
260
_b
Association with the New York Botanical Garden
260
_c
2009
300
_a
190 P.,
999
_c
4118
_d
4118